=LDR 00000nam 2200000 4500 =001 INLIS000000000019901 =005 20130612114919 =008 ***********************************Ind** =035 ##$$0010-061300000019901 =041 ##$$a Ind =082 ##$$a 828.83 =090 ##$$a 828.83, Mey s =100 ##$$a Meynell, Lanvance =245 ##$$a Saturday out, Laurance Maynell =260 ##$$a 1956 $b London =300 ##$$a 208 hlm, 31 cm =650 ##$$a Kesusastraan Inggris =850 ##$$a NBPNMAT